000 01317nam a2200289Ia 4500
001 C7488
003 IT-RoPAU
008 130308s9999 xx 000 0 und d
040 _aIT-RoPAU
040 _cIT-RoPAU
041 _aITALIANO
100 _aCosulich Callisto
100 _gCodice Aut. SPICS: 7749
245 _aFilm di denuncia: la società sotto accusa
245 _bCapolavori raccontano un Secolo di Cinema (I)
250 _a1a ed.
260 _aALBA
260 _bPeriodici San Paolo
260 _c1994 [1° Ed.:1994 - Ed.Ling.Originale:1994]
300 _a"16 p. (prefazione: no ; testo: 16 [pagine: 85-100])"
500 _aNel Segno della Liberta': Denuncia: un Genere Minoritario che Diventa un Filone importante della Cinematografia. Schede e Note Critiche dei Film: Monsieur Verdoux (1947) di Charles Chaplin, L'Asso nella Manica (1951) di Billy Wilder, Non voglio morire (1958) di Robert Wise, le mani Sulla Città (1963) di Francesco Rosi, l'uomo di Marmo (1977) di Andrzej Wajda, Missing (1982) di Constantine Costa Gavras. Note biografiche di Chaplin, Giuseppe Ferrara, Andrzej Wajda, Costa Gavras. L'America Ai raggi X. Grande Stagione di Hollywood.
650 _aGENERI CINEMATOGRAFICI
650 _eCodice materia Spics: 6810
942 _cBK
957 _71
999 _c83667
_d83667
999 _g1